Assessing sustainability in the existing commercial property stock (Record no. 79194)

MARC details
000 -LEADER
fixed length control field 00961cab a22002055a 4500
001 - CONTROL NUMBER
control field L140098
008 - FIXED-LENGTH DATA ELEMENTS--GENERAL INFORMATION
fixed length control field 070904s2007 xxk f 000 0 eng d
035 ## - SYSTEM CONTROL NUMBER
System control number (Sirsi) u140098
041 0# - LANGUAGE CODE
Language code of text/sound track or separate title eng
100 1# - MAIN ENTRY--PERSONAL NAME
Personal name Ellison, Louise
245 00 - TITLE STATEMENT
Title Assessing sustainability in the existing commercial property stock
Remainder of title establishing sustainability criteria relevant for the commercial property investment sector
260 ## - PUBLICATION, DISTRIBUTION, ETC.
Date of publication, distribution, etc. 2007
490 #0 - SERIES STATEMENT
Series statement Property Management
Volume/sequential designation 25(3) 2007, 287-304(18)
520 ## - SUMMARY, ETC.
Summary, etc. Focuses on investment performance of commercial property. Seeks to set out a series of criteria through which the sustainability of commercial property can be assessed. Looks at sustainability as part of a set of investment risks. Seeks to specify these risks and incorporate them within commercial property investment appraisals.
590 ## - LOCAL NOTE (RLIN)
Local note ka
651 #4 - SUBJECT ADDED ENTRY--GEOGRAPHIC NAME
Geographic name United Kingdom
Chronological subdivision
690 ## - LOCAL SUBJECT ADDED ENTRY--TOPICAL TERM (OCLC, RLIN)
Topical term or geographic name as entry element PROPERTY-COMMERCIAL PROPERTY
700 1# - ADDED ENTRY--PERSONAL NAME
Personal name Sayce, Sarah
942 ## - ADDED ENTRY ELEMENTS (KOHA)
Suppress in OPAC 0
Holdings
Withdrawn status Lost status Source of classification or shelving scheme Damaged status Not for loan Home library Current library Shelving location Date acquired Total Checkouts Full call number Barcode Date last seen Copy number Price effective from Koha item type
    Dewey Decimal Classification     London London Journal article 04/09/2007   L140098 140098-1001 06/08/2019 1 06/08/2019 Journal article